| 000 | 00504cam a22001457a 4500 | ||
|---|---|---|---|
| 008 | 180718b1966 xxu||||| |||| 00| 0 eng d | ||
| 082 | _aB6x5411 In2 | ||
| 100 | _aIndia. Commission on the Hill Areas of Assam | ||
| 245 |
_aReport of the Commission on the Hill Areas of Assam _cby Ministry of Home Affairs |
||
| 260 |
_aDelhi _bThe Manager of Publications _c1966 |
||
| 300 | _a198p. | ||
| 500 | _aChairman: H.V. Pataskar | ||
| 700 | _aIndia. Ministry of Home Affairs | ||
| 700 | _aPataskar, H.V. (Chairman) | ||
| 999 |
_c488403 _d488403 |
||